| 000 | 00833nam a2200241 a 4500 | ||
|---|---|---|---|
| 001 | 000019024 | ||
| 005 | 20240226141826.0 | ||
| 008 | 100522s1965 sp 000 f spa d | ||
| 040 |
_aDO-SdBNP _bspa _cBNPHU |
||
| 082 |
_a843.8 _bV531u |
||
| 100 | 1 |
_aVerne, Julio, _d1828-1905 _91073 |
|
| 245 | 1 | 0 |
_aUna ciudad flotante ; una invernada entre los hielos / _cJulio Verne. |
| 246 | 1 | 1 | _iUna invernada entre los hielos. |
| 260 |
_aBarcelona : _bRamón Sopena, _c1965. |
||
| 300 |
_a229, [2] p. ; _c18 cm. |
||
| 490 | 1 |
_aBiblioteca sopena _v3-16 |
|
| 504 | _aIncluye referencias bibliográficas y notas al pie de las páginas. | ||
| 650 | 4 |
_aNovela francesa _91075 |
|
| 650 | 4 |
_aLiteratura francesa _ySIGLO XIX _95031 |
|
| 740 | 1 | _aUna invernada entre los hielos | |
| 830 | 0 |
_aBiblioteca sopena ; _v3-16. _912815 |
|
| 910 | _aEn proceso | ||
| 999 |
_c18542 _d18542 |
||